[Event "Omegna op 4th"]
[Site "Omegna"]
[Date "2016.08.07"]
[Round "5"]
[White "Brugo, Marco"]
[Black "Fattorelli, Luciano"]
[Result "1/2-1/2"]
[WhiteElo "2053"]
[BlackElo "1859"]
[PlyCount "42"]
[EventDate "2016.08.05"]
[EventType "swiss"]
[EventRounds "5"]
[EventCountry "ITA"]
[SourceTitle "EXT 2018"]
[Source "ChessBase"]
[SourceDate "2017.10.13"]
[SourceVersion "1"]
[SourceVersionDate "2017.10.13"]
[SourceQuality "1"]

1. d4 Nf6 2. c4 g6 3. f3 Bg7 4. e4 d6 5. Ne2 Nbd7 6. Nbc3 e5 7. d5 a5 8. Bg5 Nc5 9. Nc1 0-0 10. Qd2 h5 11. h3 Qd7 12. g4 Kh7 13. N1e2 Ng8 14. gxh5 gxh5 15. Ng3 f6 16. Be3 Qf7 17. h4 Bh6 18. Bh3 Bxh3 19. Rxh3 Bxe3 20. Qxe3 Nh6 21. 0-0-0 Rg8 1/2-1/2

[Event "Omegna op-B 3rd"]
[Site "Omegna"]
[Date "2015.08.07"]
[Round "1"]
[White "Fattorelli, Luciano"]
[Black "Capossela, Fabio"]
[Result "1-0"]
[WhiteElo "1891"]
[BlackElo "1647"]
[PlyCount "79"]
[EventDate "2015.08.07"]
[EventType "swiss"]
[EventRounds "5"]
[EventCountry "ITA"]
[SourceTitle "EXT 2018"]
[Source "ChessBase"]
[SourceDate "2017.10.13"]
[SourceVersion "1"]
[SourceVersionDate "2017.10.13"]
[SourceQuality "1"]

1. c4 c6 2. Nf3 Nf6 3. b3 g6 4. Bb2 Bg7 5. d4 0-0 6. g3 d6 7. Nbd2 Nbd7 8. e4 Qa5 9. Qc2 e5 10. Bg2 exd4 11. Nxd4 Re8 12. 0-0 Qb6 13. Rad1 Nc5 14. Rfe1 Bg4 15. f3 Bd7 16. Nf1 d5 17. e5 Nh5 18. f4 dxc4 19. Qxc4 Rad8 20. Kh1 Bf8 21. Rd2 Ng7 22. Red1 Bg4 23. Re1 Re7 24. Ne3 Be6 25. Qc2 Red7 26. Red1 Na6 27. Nxe6 Rxd2 28. Rxd2 Rxd2 29. Qxd2 Nxe6 30. Nc4 Qc7 31. Nd6 Ng7 32. Qc3 Qd7 33. Bf3 Qh3 34. Kg1 Qd7 35. b4 Qc7 36. a3 Qb6+ 37. Kg2 Nc7 38. Ne4 Kh8 39. Nc5 Nge8 40. Nd7 1-0

[Event "Arolo di Leggiuno op 4th"]
[Site "Arolo di Leggiuno"]
[Date "2015.05.10"]
[Round "4"]
[White "Fregonese, Giulio"]
[Black "Fattorelli, Luciano"]
[Result "1-0"]
[WhiteElo "2061"]
[BlackElo "1880"]
[PlyCount "81"]
[EventDate "2015.05.08"]
[EventType "swiss"]
[EventRounds "5"]
[EventCountry "ITA"]
[SourceTitle "CBM 166 Extra"]
[Source "ChessBase"]
[SourceDate "2015.06.18"]
[SourceVersion "1"]
[SourceVersionDate "2015.06.18"]
[SourceQuality "1"]

1. e4 c5 2. c3 d5 3. exd5 Qxd5 4. d4 Nf6 5. Nf3 Bg4 6. Nbd2 cxd4 7. Bc4 Qd7 8. Qb3 e6 9. Nxd4 Bc5 10. N2f3 0-0 11. 0-0 Bxd4 12. Nxd4 Nc6 13. Nxc6 Qxc6 14. Be3 a6 15. f3 Bf5 16. a4 Rac8 17. Be2 Nd5 18. Bd4 Nf4 19. Rfe1 Nxe2+ 20. Rxe2 Rfd8 21. Re5 Rd5 22. Rae1 Rxe5 23. Rxe5 Qd7 24. a5 Rc6 25. h4 Bg6 26. Re1 Bd3 27. Qd1 Bg6 28. f4 Qd5 29. Re5 Qd7 30. h5 f6 31. Re3 Be8 32. Qg4 Qf7 33. Rg3 Rc7 34. h6 g6 35. Qh4 f5 36. Re3 Bc6 37. Qd8+ Be8 38. Qd6 Re7 39. Qe5 Kf8 40. Bc5 Bc6 41. Qh8+ 1-0

[Event "Arolo di Leggiuno op 4th"]
[Site "Arolo di Leggiuno"]
[Date "2015.05.09"]
[Round "2"]
[White "Erdelyi, Tamas"]
[Black "Fattorelli, Luciano"]
[Result "1-0"]
[WhiteElo "2101"]
[BlackElo "1880"]
[PlyCount "137"]
[EventDate "2015.05.08"]
[EventType "swiss"]
[EventRounds "5"]
[EventCountry "ITA"]
[SourceTitle "CBM 166 Extra"]
[Source "ChessBase"]
[SourceDate "2015.06.18"]
[SourceVersion "1"]
[SourceVersionDate "2015.06.18"]
[SourceQuality "1"]

1. Nf3 c5 2. c4 g6 3. g3 Nf6 4. d4 cxd4 5. Nxd4 Bg7 6. Bg2 0-0 7. Nc3 Nc6 8. Nc2 d6 9. 0-0 Be6 10. b3 Qd7 11. Bb2 Bh3 12. Ne3 Bxg2 13. Kxg2 Ne4 14. Qc2 Nxc3 15. Bxc3 Bxc3 16. Qxc3 Ne5 17. a4 Rfc8 18. Rfd1 Qe6 19. h3 Rc6 20. Ra2 Nd7 21. Nd5 Re8 22. Rd3 Qe5 23. Qd2 f5 24. Qb4 Nb6 25. Nf4 Qc5 26. Qd2 Qe5 27. Re3 Qf6 28. h4 Nd7 29. Qd5+ Qf7 30. Qd1 Nf6 31. f3 a6 32. Rd2 Nd7 33. Ne6 Ne5 34. Nf4 Nd7 35. Qa1 Qf6 36. Qa3 Qf7 37. a5 Nf6 38. Qb4 Rc7 39. Qb6 Rd7 40. Red3 Rc8 41. Qb4 Rc6 42. Re3 Rdc7 43. Ne6 Rd7 44. Ng5 Qf8 45. Red3 h6 46. Ne6 Qf7 47. Nf4 Kh7 48. Qa3 Rdc7 49. Qb4 Rd7 50. Nd5 Nxd5 51. Rxd5 Rdc7 52. R2d3 Kg8 53. Qd2 Rc5 54. Qxh6 Qg7 55. Qd2 Qf6 56. Kh3 Kg7 57. Qb4 R5c6 58. Qd2 Rc8 59. Kg2 f4 60. Qxf4 Qxf4 61. gxf4 Rf8 62. Kg3 Rh8 63. Rg5 Kf6 64. e4 Rh6 65. f5 Rc5 66. Rd5 Rc8 67. Rxg6+ Rxg6+ 68. fxg6 Kxg6 69. e5 1-0

[Event "Arolo di Leggiuno op 4th"]
[Site "Arolo di Leggiuno"]
[Date "2015.05.09"]
[Round "3"]
[White "Fattorelli, Luciano"]
[Black "Tomassoni, Leonardo"]
[Result "1-0"]
[WhiteElo "1880"]
[BlackElo "1807"]
[PlyCount "95"]
[EventDate "2015.05.08"]
[EventType "swiss"]
[EventRounds "5"]
[EventCountry "ITA"]
[SourceTitle "CBM 166 Extra"]
[Source "ChessBase"]
[SourceDate "2015.06.18"]
[SourceVersion "1"]
[SourceVersionDate "2015.06.18"]
[SourceQuality "1"]

1. c4 Nf6 2. Nf3 g6 3. d4 Bg7 4. Nc3 0-0 5. e4 d6 6. Be2 c6 7. 0-0 a6 8. a4 Nbd7 9. h3 Qc7 10. Be3 e5 11. Qc2 exd4 12. Nxd4 Re8 13. f4 Nc5 14. Bf3 Qe7 15. Rfe1 Be6 16. b3 Bd7 17. Bf2 Ne6 18. Nxe6 fxe6 19. e5 dxe5 20. fxe5 Nh5 21. Rad1 Bc8 22. Qd2 Qf8 23. Bxh5 gxh5 24. Qg5 Qf5 25. Qe3 Rf8 26. Bg3 Qg6 27. Ne4 b5 28. Qb6 bxc4 29. Qxc6 Rb8 30. Qxc4 Bb7 31. Bh2 Bd5 32. Rxd5 exd5 33. Qxd5+ Kh8 34. e6 Rbd8 35. Nd6 Qf6 36. Qe4 Qe7 37. Nf5 Qc5+ 38. Ne3 Rfe8 39. Kh1 Qc3 40. Nf5 Bf6 41. Nd6 Rxd6 42. Bxd6 Qxb3 43. Be5 Rxe6 44. Bxf6+ Rxf6 45. Qd4 Kg7 46. Re7+ Kg6 47. Qe4+ Kg5 48. h4+ 1-0

[Event "Omegna op-A 2nd"]
[Site "Omegna"]
[Date "2014.08.09"]
[Round "1"]
[White "Fattorelli, Luciano"]
[Black "Paleologu, Vladimir"]
[Result "0-1"]
[WhiteElo "1908"]
[BlackElo "2151"]
[PlyCount "46"]
[EventDate "2014.08.08"]
[EventType "swiss"]
[EventRounds "5"]
[EventCountry "ITA"]
[SourceTitle "EXT 2024"]
[Source "ChessBase"]
[SourceDate "2023.10.10"]
[SourceVersion "1"]
[SourceVersionDate "2023.10.10"]
[SourceQuality "1"]

1. c4 e5 2. Nc3 Nf6 3. g3 d5 4. cxd5 Nxd5 5. Bg2 Nb6 6. Nf3 Nc6 7. 0-0 Be7 8. d3 g5 9. a3 h5 10. b4 g4 11. Nd2 h4 12. Nc4 hxg3 13. hxg3 Qd7 14. Be3 Qf5 15. f4 gxf3 16. exf3 Be6 17. Qe2 0-0-0 18. Rad1 Nd4 19. Nxb6+ axb6 20. Bxd4 exd4 21. Ne4 Qg6 22. Qf2 Rdg8 23. f4 f5 0-1

[Event "Omegna op 1st"]
[Site "Omegna"]
[Date "2013.07.05"]
[Round "2"]
[White "Angelini, Marco"]
[Black "Fattorelli, Luciano"]
[Result "1-0"]
[WhiteElo "2265"]
[BlackElo "1932"]
[PlyCount "85"]
[EventDate "2013.07.04"]
[EventType "swiss"]
[EventRounds "6"]
[EventCountry "ITA"]
[SourceTitle "EXT 2014"]
[Source "ChessBase"]
[SourceDate "2013.11.20"]
[SourceVersion "1"]
[SourceVersionDate "2013.11.20"]
[SourceQuality "1"]

1. c4 e5 2. g3 Nc6 3. Bg2 g6 4. Nc3 d6 5. e3 Bg7 6. Nge2 Nge7 7. 0-0 0-0 8. h3 Be6 9. Nd5 Qd7 10. Kh2 Nd8 11. d3 f5 12. Rb1 c6 13. Nxe7+ Qxe7 14. b4 Qf7 15. b5 c5 16. a4 Rc8 17. Nc3 e4 18. Nd5 Bxd5 19. cxd5 exd3 20. Qxd3 Qe7 21. Qc2 Nf7 22. Bb2 Bxb2 23. Qxb2 Rce8 24. Rbe1 Ne5 25. Qc2 Qf7 26. f4 Nd7 27. e4 fxe4 28. Bxe4 Nf6 29. Bg2 Re7 30. Qd2 Rfe8 31. Rxe7 Qxe7 32. f5 Kg7 33. fxg6 hxg6 34. Qc3 Qe5 35. Qa5 Nxd5 36. Qxa7 Ne3 37. Rf4 Re7 38. Re4 Qf6 39. Rxe7+ Qxe7 40. Qxb7 Kf7 41. Qf3+ Ke8 42. b6 d5 43. b7 1-0

[Event "Omegna op 1st"]
[Site "Omegna"]
[Date "2013.07.05"]
[Round "3"]
[White "Fattorelli, Luciano"]
[Black "Nottet, Tristan"]
[Result "1/2-1/2"]
[WhiteElo "1932"]
[BlackElo "1715"]
[PlyCount "44"]
[EventDate "2013.07.04"]
[EventType "swiss"]
[EventRounds "6"]
[EventCountry "ITA"]
[SourceTitle "EXT 2014"]
[Source "ChessBase"]
[SourceDate "2013.11.20"]
[SourceVersion "1"]
[SourceVersionDate "2013.11.20"]
[SourceQuality "1"]

1. Nf3 Nf6 2. c4 b6 3. Nc3 c5 4. g3 Bb7 5. Bg2 g6 6. 0-0 Bg7 7. d4 cxd4 8. Nxd4 Bxg2 9. Kxg2 Nc6 10. Re1 Nxd4 11. Qxd4 Qc7 12. b3 0-0 13. Bb2 Qc6+ 14. e4 Ne8 15. Qd2 Nc7 16. Nd5 Rfe8 17. Bxg7 Kxg7 18. Rad1 d6 19. Qd4+ Kg8 20. Nxc7 Qxc7 21. e5 dxe5 22. Rxe5 Rad8 1/2-1/2

[Event "Omegna op"]
[Site "Omegna"]
[Date "2009.09.27"]
[Round "5"]
[White "Fattorelli, Luciano"]
[Black "Okhotnik, Vladimir"]
[Result "0-1"]
[WhiteElo "2030"]
[BlackElo "2447"]
[PlyCount "44"]
[EventDate "2009.09.25"]
[EventType "swiss"]
[EventRounds "5"]
[EventCountry "ITA"]
[SourceTitle "EXT 2012"]
[Source "ChessBase"]
[SourceDate "2011.11.24"]
[SourceVersion "1"]
[SourceVersionDate "2011.11.24"]
[SourceQuality "1"]

1. c4 g6 2. Nc3 Bg7 3. d4 c5 4. Nf3 cxd4 5. Nxd4 Nc6 6. Nc2 Bxc3+ 7. bxc3 Qa5 8. Bd2 Nf6 9. f3 d6 10. e4 0-0 11. Be2 Be6 12. Nd4 Rac8 13. Kf2 Ne5 14. Nb3 Qc7 15. c5 dxc5 16. Be3 b6 17. Qc2 Rfd8 18. Rag1 Bc4 19. Nc1 Bxe2 20. Qxe2 c4 21. Bd4 Nd3+ 22. Nxd3 cxd3 0-1

[Event "Omegna op"]
[Site "Omegna"]
[Date "2009.09.26"]
[Round "3"]
[White "Aranovitch, Emiliano"]
[Black "Fattorelli, Luciano"]
[Result "1-0"]
[WhiteElo "2378"]
[BlackElo "2030"]
[PlyCount "71"]
[EventDate "2009.09.25"]
[EventType "swiss"]
[EventRounds "5"]
[EventCountry "ITA"]
[SourceTitle "EXT 2012"]
[Source "ChessBase"]
[SourceDate "2011.11.24"]
[SourceVersion "1"]
[SourceVersionDate "2011.11.24"]
[SourceQuality "1"]

1. e4 c5 2. Nf3 d6 3. Bb5+ Nc6 4. Bxc6+ bxc6 5. e5 Bg4 6. h3 Bxf3 7. Qxf3 Qc7 8. exd6 exd6 9. 0-0 Be7 10. d3 Rb8 11. Nd2 Nf6 12. Nc4 Nd5 13. b3 0-0 14. Bb2 Bf6 15. Bxf6 Nxf6 16. Qg3 Rbd8 17. Rae1 Rfe8 18. Rxe8+ Nxe8 19. Re1 Kf8 20. Kf1 Rd7 21. Rxe8+ Kxe8 22. Qxg7 Re7 23. f4 Kd8 24. Qxh7 Qd7 25. Qh8+ Re8 26. Qf6+ Kc7 27. f5 Qe7 28. Qxe7+ Rxe7 29. Nd2 d5 30. Kf2 Kd6 31. Nf3 c4 32. g4 cxd3 33. cxd3 c5 34. h4 d4 35. Nd2 Re3 36. Nc4+ 1-0

[Event "Omegna op"]
[Site "Omegna"]
[Date "2009.09.26"]
[Round "2"]
[White "Fattorelli, Luciano"]
[Black "Naumkin, Igor"]
[Result "0-1"]
[WhiteElo "2030"]
[BlackElo "2450"]
[PlyCount "36"]
[EventDate "2009.09.25"]
[EventType "swiss"]
[EventRounds "5"]
[EventCountry "ITA"]
[SourceTitle "EXT 2012"]
[Source "ChessBase"]
[SourceDate "2011.11.24"]
[SourceVersion "1"]
[SourceVersionDate "2011.11.24"]
[SourceQuality "1"]

1. Nf3 e6 2. c4 f5 3. g3 Nf6 4. Bg2 Be7 5. b3 0-0 6. Bb2 d6 7. 0-0 e5 8. d3 Nc6 9. Nc3 Qe8 10. e3 Kh8 11. Ne2 Qh5 12. Nd2 Bd7 13. Re1 Rae8 14. a3 Nd8 15. f4 Bc6 16. Qc2 Bxg2 17. Kxg2 Ng4 18. Kf1 Qxh2 0-1

[Event "Omegna op"]
[Site "Omegna"]
[Date "2009.09.26"]
[Round "4"]
[White "Fattorelli, Luciano"]
[Black "Quagliarella, Sabino Remo"]
[Result "1-0"]
[WhiteElo "2030"]
[BlackElo "1917"]
[PlyCount "51"]
[EventDate "2009.09.25"]
[EventType "swiss"]
[EventRounds "5"]
[EventCountry "ITA"]
[SourceTitle "EXT 2012"]
[Source "ChessBase"]
[SourceDate "2011.11.24"]
[SourceVersion "1"]
[SourceVersionDate "2011.11.24"]
[SourceQuality "1"]

1. c4 e5 2. Nc3 Nf6 3. g3 d5 4. cxd5 Nxd5 5. Bg2 Be6 6. Nf3 Nc6 7. 0-0 Be7 8. d4 exd4 9. Nxd4 Nxd4 10. Qxd4 Bf6 11. Qa4+ c6 12. Nxd5 Bxd5 13. Rd1 0-0 14. e4 Be6 15. Rxd8 Rfxd8 16. Be3 b5 17. Qc2 Rd7 18. Bf3 Rad8 19. Rc1 Bxa2 20. b3 Bxb3 21. Qxb3 Rd3 22. Qa2 b4 23. Qxa7 b3 24. Qb6 b2 25. Rb1 c5 26. Be2 1-0

[Event "Imperia op-A 51st"]
[Site "Imperia"]
[Date "2009.09.04"]
[Round "7"]
[White "Fattorelli, Luciano"]
[Black "Van Hoolandt, Patrick"]
[Result "0-1"]
[WhiteElo "2030"]
[BlackElo "2233"]
[PlyCount "40"]
[EventDate "2009.08.30"]
[EventType "swiss"]
[EventRounds "9"]
[EventCountry "ITA"]
[SourceTitle "EXT 2011"]
[Source "ChessBase"]
[SourceDate "2010.11.26"]
[SourceVersion "1"]
[SourceVersionDate "2010.11.26"]
[SourceQuality "1"]

1. Nf3 Nf6 2. c4 e6 3. e3 d5 4. b3 b6 5. cxd5 exd5 6. Bb5+ c6 7. Be2 Bd6 8. Bb2 Qe7 9. 0-0 0-0 10. Qc2 Bg4 11. d3 Rc8 12. Re1 Nbd7 13. Nbd2 a5 14. Nd4 Bxe2 15. Nf5 Qe6 16. Nxd6 Bxd3 17. Qxd3 Qxd6 18. e4 Re8 19. Nc4 Qe6 20. Bxf6 dxc4 0-1

[Event "Imperia op-A 51st"]
[Site "Imperia"]
[Date "2009.09.02"]
[Round "4"]
[White "Fattorelli, Luciano"]
[Black "Malano, Francesco"]
[Result "1-0"]
[WhiteElo "2030"]
[BlackElo "1900"]
[PlyCount "89"]
[EventDate "2009.08.30"]
[EventType "swiss"]
[EventRounds "9"]
[EventCountry "ITA"]
[SourceTitle "EXT 2011"]
[Source "ChessBase"]
[SourceDate "2010.11.26"]
[SourceVersion "1"]
[SourceVersionDate "2010.11.26"]
[SourceQuality "1"]

1. Nf3 d5 2. c4 e6 3. e3 Nf6 4. b3 Nbd7 5. Bb2 Bd6 6. d4 c6 7. Bd3 0-0 8. Nbd2 Re8 9. Ne5 Nf8 10. 0-0 N6d7 11. f4 f6 12. Nxd7 Bxd7 13. e4 Be7 14. Qc2 Rc8 15. Rae1 b5 16. Kh1 Rc7 17. Re3 Bc8 18. Rc1 Bb4 19. Nf3 Ba5 20. Bc3 b4 21. Be1 c5 22. exd5 cxd4 23. Re2 exd5 24. Rxe8 Qxe8 25. Bf2 Bb6 26. Re1 Qd8 27. Bxd4 Bxd4 28. Nxd4 dxc4 29. Bxc4+ Kh8 30. Qe4 Bb7 31. Qe8 Rd7 32. Qxd8 Rxd8 33. Nf3 Bxf3 34. gxf3 Ng6 35. Re4 f5 36. Re1 Nxf4 37. Kg1 g6 38. Kf2 Rd2+ 39. Ke3 Rxh2 40. Kxf4 Rxa2 41. Re7 h6 42. Ke5 Ra5+ 43. Kf6 Rc5 44. Re8+ Kh7 45. Bg8+ 1-0

[Event "Venice Autumn op-A 10th"]
[Site "Venice"]
[Date "2004.10.30"]
[Round "2"]
[White "Fattorelli, Luciano"]
[Black "Bdair, Bilal"]
[Result "0-1"]
[WhiteElo "2107"]
[BlackElo "2004"]
[PlyCount "66"]
[EventDate "2004.10.29"]
[EventType "swiss"]
[EventRounds "6"]
[EventCountry "ITA"]
[SourceTitle "EXT 2005"]
[Source "ChessBase"]
[SourceDate "2004.11.15"]
[SourceVersion "1"]
[SourceVersionDate "2004.11.15"]
[SourceQuality "1"]

1. e4 c5 2. Nc3 d6 3. g3 Nc6 4. Bg2 g6 5. d3 Bg7 6. Be3 e6 7. Qd2 Rb8 8. a4 Nge7 9. Nge2 Nd4 10. 0-0 Nec6 11. Nd1 Qa5 12. Nxd4 Qxd2 13. Bxd2 Nxd4 14. Bc3 0-0 15. Bxd4 cxd4 16. c4 dxc3 17. bxc3 Bd7 18. f4 Rfc8 19. d4 a5 20. Ra3 Rc4 21. Ne3 Rxa4 22. Rxa4 Bxa4 23. Ra1 b5 24. Bf1 Rc8 25. Ra3 Bf8 26. d5 Bg7 27. c4 Bb2 28. Ra2 Bd4 29. Kf2 exd5 30. exd5 Re8 31. Ra3 Bc5 32. Rc3 b4 33. Rd3 Bc2 0-1

[Event "Venice Autumn op-A 10th"]
[Site "Venice"]
[Date "2004.10.29"]
[Round "1"]
[White "Boricsev, Oleg"]
[Black "Fattorelli, Luciano"]
[Result "1-0"]
[WhiteElo "2396"]
[BlackElo "2107"]
[PlyCount "53"]
[EventDate "2004.10.29"]
[EventType "swiss"]
[EventRounds "6"]
[EventCountry "ITA"]
[SourceTitle "EXT 2005"]
[Source "ChessBase"]
[SourceDate "2004.11.15"]
[SourceVersion "1"]
[SourceVersionDate "2004.11.15"]
[SourceQuality "1"]

1. e4 d6 2. d4 Nf6 3. Nc3 g6 4. Nf3 Bg7 5. Be2 0-0 6. 0-0 c6 7. a4 Nbd7 8. a5 Qc7 9. h3 e5 10. dxe5 dxe5 11. Be3 Rd8 12. Qc1 Nf8 13. Rd1 Rxd1+ 14. Qxd1 Ne6 15. Bc4 Bf8 16. Qe2 Bb4 17. Ng5 Nxg5 18. Bxg5 Ne8 19. Rd1 Be7 20. Bxe7 Qxe7 21. Qd3 Kf8 22. Na4 Ng7 23. Qc3 f6 24. b4 Be6 25. Nc5 Bxc4 26. Qxc4 b6 27. Rd7 1-0

[Event "Novara op 5th"]
[Site "Novara"]
[Date "2004.10.23"]
[Round "3"]
[White "Sgnaolin, Davide"]
[Black "Fattorelli, Luciano"]
[Result "1/2-1/2"]
[WhiteElo "2125"]
[BlackElo "2107"]
[PlyCount "48"]
[EventDate "2004.10.22"]
[EventType "swiss"]
[EventRounds "5"]
[EventCountry "ITA"]
[SourceTitle "CBM 102 Extra"]
[Source "ChessBase"]
[SourceDate "2004.11.03"]
[SourceVersion "1"]
[SourceVersionDate "2004.11.03"]
[SourceQuality "1"]

1. e4 d6 2. d4 Nf6 3. Nc3 g6 4. Nf3 Bg7 5. Be2 0-0 6. 0-0 c6 7. a4 Nbd7 8. h3 e5 9. dxe5 dxe5 10. Bc4 Qc7 11. Be3 b6 12. Qd2 Bb7 13. Rad1 a6 14. Qd6 Rac8 15. g4 Qxd6 16. Rxd6 Rc7 17. Rfd1 b5 18. Ba2 b4 19. Ne2 Bc8 20. Ng3 Ne8 21. R6d3 Bf6 22. Nd2 Ng7 23. Nc4 Ne6 24. Nd6 Ndc5 1/2-1/2

[Event "Vanzaghello op 3rd"]
[Site "Vanzaghello"]
[Date "2002.09.22"]
[Round "6"]
[White "Fattorelli, Luciano"]
[Black "Kidane, Robel"]
[Result "1-0"]
[WhiteElo "1843"]
[BlackElo "1770"]
[PlyCount "93"]
[EventDate "2002.09.19"]
[EventType "swiss"]
[EventRounds "6"]
[EventCountry "ITA"]
[SourceTitle "EXT 2023"]
[Source "ChessBase"]
[SourceDate "2022.10.05"]
[SourceVersion "1"]
[SourceVersionDate "2022.10.05"]
[SourceQuality "1"]

1. e4 c5 2. Nc3 Nc6 3. g3 g6 4. Bg2 Bg7 5. d3 d6 6. Be3 e5 7. Nge2 Nge7 8. Qd2 Rb8 9. a4 Nd4 10. 0-0 0-0 11. Rae1 a6 12. f4 f5 13. fxe5 dxe5 14. Nd1 b5 15. axb5 axb5 16. Nc1 c4 17. c3 Ne6 18. Rf2 f4 19. gxf4 exf4 20. Bxf4 Nxf4 21. Rxf4 Bh6 22. Rxf8+ Qxf8 23. Qc2 Qf4 24. Ne2 Qh4 25. Ng3 Bf4 26. d4 Bg4 27. Ne3 Bxg3 28. hxg3 Qxg3 29. Qf2 Qxf2+ 30. Kxf2 Bd7 31. e5 Rf8+ 32. Kg3 h5 33. Re2 g5 34. d5 h4+ 35. Kh2 Ng6 36. e6 Nf4 37. Rd2 Bc8 38. e7 Re8 39. d6 Bd7 40. Be4 Kg7 41. Bf5 Ne6 42. Nd5 Kf7 43. Nc7 Rb8 44. Re2 Nf4 45. Bxd7 Nxe2 46. e8Q+ Rxe8 47. Bxe8+ 1-0

[Event "Robecchetto op 7th"]
[Site "Robecchetto"]
[Date "1995.06.??"]
[Round "1"]
[White "Fattorelli, Luciano"]
[Black "Marzano, Carlo"]
[Result "0-1"]
[WhiteElo "1966"]
[BlackElo "2205"]
[PlyCount "42"]
[EventDate "1995.06.22"]
[EventType "swiss"]
[EventRounds "6"]
[EventCountry "ITA"]
[SourceTitle "EXT 2023"]
[Source "ChessBase"]
[SourceDate "2022.10.05"]
[SourceVersion "1"]
[SourceVersionDate "2022.10.05"]
[SourceQuality "1"]

1. e4 e6 2. d4 d5 3. Nc3 Nf6 4. Bg5 dxe4 5. Nxe4 Be7 6. Bxf6 gxf6 7. Nf3 b6 8. Bd3 Bb7 9. Qe2 c6 10. 0-0-0 Qc7 11. g3 Nd7 12. Rhe1 0-0-0 13. Ba6 h5 14. Bxb7+ Kxb7 15. h4 Nf8 16. Rd3 Ng6 17. Red1 f5 18. Neg5 Bf6 19. Ne1 Bxg5+ 20. hxg5 h4 21. gxh4 Nf4 0-1

[Event "Robecchetto op 7th"]
[Site "Robecchetto"]
[Date "1995.06.??"]
[Round "4"]
[White "Fattorelli, Luciano"]
[Black "Pagnoncelli, Marco"]
[Result "0-1"]
[WhiteElo "1966"]
[BlackElo "2150"]
[PlyCount "91"]
[EventDate "1995.06.22"]
[EventType "swiss"]
[EventRounds "6"]
[EventCountry "ITA"]
[SourceTitle "EXT 2023"]
[Source "ChessBase"]
[SourceDate "2022.10.05"]
[SourceVersion "1"]
[SourceVersionDate "2022.10.05"]
[SourceQuality "1"]

1. e4 c5 2. Nc3 Nc6 3. g3 g6 4. Bg2 Bg7 5. d3 d6 6. f4 e6 7. Nge2 Nge7 8. Be3 Nd4 9. 0-0 0-0 10. g4 f5 11. h3 Rb8 12. Ng3 b5 13. Qd2 Qa5 14. Nd5 Qd8 15. Nxe7+ Qxe7 16. c3 fxg4 17. hxg4 Nc6 18. Bf3 e5 19. f5 Qh4 20. Kg2 Qe7 21. Rh1 b4 22. Bg5 Qf7 23. c4 Nd4 24. Raf1 Rb6 25. Bd1 Bf6 26. Bxf6 Qxf6 27. Rh6 Qg7 28. fxg6 Rxf1 29. Nxf1 hxg6 30. g5 Ne6 31. Nh2 Nf4+ 32. Kg3 Qe7 33. Nf3 Qe6 34. Qh2 Nh5+ 35. Kf2 Qf7 36. Ke1 Qg7 37. Qh4 Nf4 38. Kd2 Rb7 39. Nh2 Rf7 40. Bg4 Bxg4 41. Qxg4 Rf8 42. Kc2 Qf7 43. Qh4 Nh5 44. Ng4 Kg7 45. Kb3 Qf3 46. Nf6 0-1

[Event "Robecchetto op 7th"]
[Site "Robecchetto"]
[Date "1995.06.??"]
[Round "6"]
[White "Gazzarri, Alberto"]
[Black "Fattorelli, Luciano"]
[Result "0-1"]
[WhiteElo "2210"]
[BlackElo "1966"]
[PlyCount "112"]
[EventDate "1995.06.22"]
[EventType "swiss"]
[EventRounds "6"]
[EventCountry "ITA"]
[SourceTitle "EXT 2023"]
[Source "ChessBase"]
[SourceDate "2022.10.05"]
[SourceVersion "1"]
[SourceVersionDate "2022.10.05"]
[SourceQuality "1"]

1. e4 d6 2. d4 Nf6 3. Bd3 e5 4. c3 g6 5. Ne2 Bg7 6. 0-0 0-0 7. f4 c6 8. Nd2 Re8 9. fxe5 dxe5 10. Nc4 Nbd7 11. Nd6 Re6 12. Nxc8 Rxc8 13. Bc4 Re8 14. Qb3 Rf8 15. Qxb7 Nb6 16. dxe5 Rc7 17. Qa6 Nxe4 18. Bf4 Nc5 19. Qa3 Nxc4 20. Qxc5 Nxe5 21. Bxe5 Bxe5 22. Qxe5 Re7 23. Qc5 Rxe2 24. Qxc6 Rxb2 25. Rad1 Qa5 26. a4 Rc2 27. Rc1 Rxc1 28. Rxc1 Qe5 29. Rf1 Qe3+ 30. Kh1 Rd8 31. h3 Qe7 32. a5 Kg7 33. c4 Rd7 34. Qf3 Rc7 35. Qc3+ f6 36. a6 Qe6 37. Qa5 Qxc4 38. Rb1 Kh6 39. Qd2+ g5 40. Qd6 Qc6 41. Qf8+ Kg6 42. Qg8+ Rg7 43. Qa2 Re7 44. Qg8+ Rg7 45. Qa2 Qe4 46. Rf1 Qc6 47. Qb1+ Kh6 48. Qa1 Rf7 49. Rc1 Qd5 50. Rd1 Qe5 51. Qa2 Kg6 52. Rf1 f5 53. Qa4 Qe6 54. Rc1 Rd7 55. Qa1 Rd6 56. Rc7 Rd7 0-1